Геологическое строение СССР. Западная часть: учебное пособие; в 2 вып.
| Hovedforfatter: | |
|---|---|
| Sprog: | russisk |
| Udgivet: |
Москва, ОНТИ, 1934-1935
|
| Udgivelse: | 2-е изд., испр. и доп. |
| Format: | MixedMaterials Bog |
| KOHA link: | https://koha.lib.tpu.ru/cgi-bin/koha/opac-detail.pl?biblionumber=250574 |
MARC
| LEADER | 00000nam1a2200000 4500 | ||
|---|---|---|---|
| 001 | 250574 | ||
| 005 | 20231031213221.0 | ||
| 035 | |a (RuTPU)RU\TPU\book\272786 | ||
| 090 | |a 250574 | ||
| 100 | |a 20140214d1934 m y0rusy50 ca | ||
| 101 | 0 | |a rus | |
| 102 | |a RU | ||
| 200 | 1 | |a Геологическое строение СССР. Западная часть |e учебное пособие |e в 2 вып. |f А. Д. Архангельский | |
| 205 | |a 2-е изд., испр. и доп. | ||
| 210 | |a Москва |a Ленинград |c ОНТИ |d 1934-1935 | ||
| 700 | 1 | |a Архангельский |b А. Д. | |
| 801 | 1 | |a RU |b 63413507 |c 20140214 | |
| 801 | 2 | |a RU |b 63413507 |c 20160408 |g RCR | |
| 942 | |c BK | ||